000 00841nab a2200253 u 4500
001 18804
003 HDC
007 cr bn ---aaaaa
008 210227c20110110xx dr|noo 0 a eng d
040 _aHDC
245 0 _aPakistan: UPM team meets UVAS vice chancellor
260 _a[No place] :
_b[publisher not identified],
_c2011
300 _a1 online resource
336 _atext
_2rdacontent
337 _acomputer
_2rdamedia
338 _aonline resource
_2rdacarrier
650 _aresearch collaboration
_917544
650 _auniversities' mutual co-operation
_917543
710 _aHalal Focus
856 _zRequest full-text at [email protected]
942 _2lcc
942 _cNEWS
942 _kNWSO 006158
999 _c16120
_d16120